Manual CITES para jardines botánicos / (Registro nro. 222)

Detalles MARC
000 -CABECERA
Campo de control 00914nam a2200241 a 4500
005 - FECHA Y HORA DE LA ULTIMA TRANSACCION
Campo de control 20191224041518.0
008 - ELEMENTOS DE LONGITUD FIJA—INFORMACION GENERAL
Campo de control 160811s1994 xx ad|||r|||| 00| 0 spa d
040 ## - FUENTE DE CATALOGACIÓN
Agencia catalogadora original CO-BoIAVH
Agencia transcriptora CO-BoIAVH
041 0# - IDIOMA
Código de idioma para texto/pista de sonido o título separado Español
044 ## - PAÍS DE PUBLICACIÓN
País de publicación Colombia
082 04 - NUMERO DE CLASIFICACION DECIMAL DEWEY
Número de clasificación 577.554
Número del ítem M29c
245 00 - MENCION DE TITULO
Título Manual CITES para jardines botánicos /
Mención de responsabilidad compilado por John Akeroyd, Noel McGough y Peter Wyse Jackson
260 ## - PUBLICACION, DISTRIBUCION, ETC. (PIE DE IMPRENTA)
Lugar de publicación, distribución, etc. Córdoba? :
Nombre del editor, distribuidor, etc. Organización Internacional para la Conservación en Jardines Botánicos,
Fecha de publicación, distribución, etc. 1994.
300 ## - DESCRIPCION FISICA
Extensión 32 páginas :
Otros detalles físicos ilustraciones y tablas ;
Dimensiones 24 x 17 cm.
650 26 - ASIENTO SECUNDARIO DE MATERIA - TERMINO TEMATICO
Término temático o nombre geográfico como elemento de entrada Jardines botánicos
Subdivisión de forma Manuales
9 (RLIN) 74264
650 24 - ASIENTO SECUNDARIO DE MATERIA - TERMINO TEMATICO
Término temático o nombre geográfico como elemento de entrada Conservación ex situ
9 (RLIN) 4301
650 24 - ASIENTO SECUNDARIO DE MATERIA - TERMINO TEMATICO
Término temático o nombre geográfico como elemento de entrada Comercio de especies
9 (RLIN) 4307
650 26 - ASIENTO SECUNDARIO DE MATERIA - TERMINO TEMATICO
Término temático o nombre geográfico como elemento de entrada Especies en peligro de extinción
9 (RLIN) 255
700 1# - ASIENTO SECUNDARIO - NOMBRE PERSONAL
Nombre personal Akeroyd, John
Término de relación compilador
9 (RLIN) 14178
700 1# - ASIENTO SECUNDARIO - NOMBRE PERSONAL
Nombre personal McGough, Noel
Término de relación compilador
9 (RLIN) 8750
700 1# - ASIENTO SECUNDARIO - NOMBRE PERSONAL
Nombre personal Wyse Jackson, Peter
Término de relación compilador
9 (RLIN) 4557
942 ## - ELEMENTOS ADICIONALES (KOHA)
Tipo de ítem Libro
Sistema de clasificación Dewey Decimal Classification
Existencias
Withdrawn status Lost status Sistema de Clasificación Damaged status No para préstamo Colección Inventariado Ubicación Permanente Ubicación actual Fecha de adquisición Fuente de Valor Valor Total Checkouts Número topográfico Inventario / Código de Barras Date last seen Ejemplar Price effective from Forma de adquisición Tipo de material
    Dewey Decimal Classification     General Inventariado 2017 Bogotá Bogotá 24/12/1997 Instituto 39000.00   LB-577.554 M29c 000280 04/12/2012 Ej.1 04/12/2012 Donación Libro
    Dewey Decimal Classification     General Inventariado 2018 Sala Fabio Quevedo Sala Fabio Quevedo 24/12/1997 Instituto 39000.00   LB-577.554 M29c 030363 13/11/2018 Ej.2 13/11/2018 Donación Libro